Vista normal
Vista MARC
Entrada Nombre personal
Número de registros utilizados en: 2
001 - NÚMERO DE CONTROL
- Campo de control: 33992
003 - IDENTIFICADOR DE NÚMERO DE CONTROL
- Campo de control: OSt
005 - FECHA Y HORA DE LA ULTIMA MODIFICACION
- Campo de control: 20150504080000.0
008 - ELEMENTOS DE DATOS DE LONGITUD FIJA
- Campo de longitud fija: 150504|| aca||aabn | a|a d
040 ## - FUENTE DE LA CATALOGACIÓN
- Agencia original de catalogación: OSt
100 1# - ENCABEZAMIENTO--NOMBRE DE PERSONA
- Nombre personal: García Ruano, Julio Alberto
400 1# - TRAZADO VEÁSE--NOMBRE DE PERSONA
- Nombre personal: García, Julio
400 1# - TRAZADO VEÁSE--NOMBRE DE PERSONA
- Nombre personal: Ruano, Alberto
670 ## - FUENTE DE DATOS ENCONTRADOS
- Fuente de citación: Informe de pasantía realizado en: Fruit of the Loom
670 ## - FUENTE DE DATOS ENCONTRADOS
- Fuente de citación: BMC - 04-05-2015